000 01984cam a22004934i 4500
003 PE-LiUPU
005 20250731172923.0
008 150623s r 000 0 d
020 _a0824511565
035 _a(Sirsi) i9780824511562
040 _aPE-LiUPU
_bspa
_cPE-LiUPU
_erda
049 _aPRUA
082 0 4 _a253.0973
_bB82
_221
100 1 _aBrennan, Patrick J.,
_eautor.
245 1 0 _aParishes that excel :
_bmodels of excellence in education, ministry, and evangelization /
_cPatrick J. Brennan.
264 1 _aNew York :
_bCrossroad,
_c1992.
300 _a130 páginas :
_bilustraciones, cuadros ;
_c22 centímetros
336 _atext
_2rdacontent
337 _aunmediated
_2rdamedia
338 _avolume
_2rdacarrier
504 _aIncluye bibliografía.
505 0 _aExcellence. -On becoming a recovering church. -Bethel Lutheran church, chicago's west side. -Excellence in multicultural ministry. -Excellence in the church growth movement and reach-out to the unchurched. -Excellence in Small christian communities. -Excellence in youth evangelization.
526 _aSEG42
526 _aSEG41
526 _aSEG40
526 _aSEG39
526 _aP94
526 _aP87
526 _aP86
526 _aP85
526 _aP77
526 _aP76
526 _aP35
610 2 _aIglesia Católica
_zMedio Oeste
_xComposición.
650 0 4 _aParroquias
_zMedio Oeste
_vCasos de Estudio.
650 0 4 _aTeología Pastoral
_xIglesia Católica
_vEstudios de casos.
650 0 4 _aTeología pastoral
_zEstados Unidos
_vEstudios de casos.
942 _2ddc
_cBOOK
949 _a253.0973 B82
_wDEWEY
_c1
_i43795
_lCCODEBUL1
_mBUL
_r0
_sY
_tBOOK
_u2015-6-24
_xTEOLOGIA
_PP35
_0COMPRA
_o.STAFF. Colección General
994 _aC0
_bPEPRU
596 _a1
999 _a253.0973 B82
_wDEWEY
_c20199
_i43795
_f2021-11-10
_g5
_lCCODEBUL1
_mBUL
_r0
_sY
_tBOOK
_u2015-6-24
_xTEOLOGIA
_PP35
_0COMPRA
_o.STAFF. Colección General
_d20199
980 _81
_gALBERTO SANCHEZ Responsable de Automatización